| 000 | 00527nam a22001577a 4500 | ||
|---|---|---|---|
| 003 | macl | ||
| 005 | 20200717125936.0 | ||
| 008 | 200717b xxu||||| |||| 00| 0 eng d | ||
| 040 | _cmacl | ||
| 082 | _a891.433/BHA/S | ||
| 100 |
_aभंडारी,महाकवि घाध _979050 |
||
| 245 | _aघाघ -भंडारी की लोक कहावतें | ||
| 260 |
_aप्रतापगढ. _bअंशिका प्रकाशन _c2018 |
||
| 650 |
_aकहावतें _979051 |
||
| 942 |
_2ddc _cHIN |
||
| 999 |
_c62691 _d62691 |
||